Alle Gregs Tagebuch Teile - Statistiken

Allgemein
  • Dieses Quiz wurde 43 mal gespielt
  • Das Durchschnittsergebnis liegt bei 8 aus 19
Antwortstatistiken
Band Name % Korrekt
1 Von Idioten umzingelt!
97%
3 Jetzt reicht's!
58%
11 Alles Käse!
55%
4 Ich war's nicht!
48%
9 Böse Falle!
45%
2 Gibt's Probleme?
45%
10 So ein Mist!
45%
13 Eiskalt erwischt!
42%
15 Halt mal die Luft an!
39%
6 Keine Panik!
39%
12 Und Tschüss!
39%
5 Geht's noch?
35%
7 Dumm gelaufen!
32%
8 Echt übel!
32%
14 Voll daneben!
32%
16 Volltreffer!
32%
19 So ein Schlamassel!
26%
18 Kein Plan von nix
23%
17 Voll aufgedreht!
16%
Keine übereinstimmenden Quizze gefunden
Verteilung der Resultate
Anzahl Personen mit jedem Resultat
Perzentil nach korrekt beantworteten Fragen
Ihre Resultats-Entwicklung
Sie haben dieses Quiz noch nicht gespielt